L'âge soviétique : Une traversée de l'Empire russe au monde postsoviétique (notice n° 2198289)
[ vue normale ]
| 000 -LEADER | |
|---|---|
| fixed length control field | 01581cam a2200169 4500500 |
| 005 - DATE AND TIME OF LATEST TRANSACTION | |
| control field | 20260405085526.0 |
| 041 ## - LANGUAGE CODE | |
| Language code of text/sound track or separate title | fre |
| 042 ## - AUTHENTICATION CODE | |
| Authentication code | dc |
| 100 10 - MAIN ENTRY--PERSONAL NAME | |
| Personal name | Blum, Alain |
| Relator term | author |
| 245 00 - TITLE STATEMENT | |
| Title | L'âge soviétique : Une traversée de l'Empire russe au monde postsoviétique |
| 260 ## - PUBLICATION, DISTRIBUTION, ETC. | |
| Name of publisher, distributor, etc. | Armand Colin,<br/> |
| Date of publication, distribution, etc. | 2021.<br/> |
| 520 ## - SUMMARY, ETC. | |
| Summary, etc. | L’histoire de l’ex-Empire russe, de l’URSS et du monde post-soviétique est essentielle à la compréhension des enjeux géopolitiques actuels. Cet ouvrage en propose une lecture claire en étudiant des problématiques communes à l'histoire de la fin de l'empire russe (à partir de la Révolution de 1905), à l'URSS et aux États post-soviétiques. Cet ouvrage, à travers une histoire thématique et chronologique, traite de plus d’un siècle d’histoire d’un Empire qui éclate à la fin des années 1980 avec la fin de l’URSS, laissant chacun des États qui en sont issus suivre des trajectoires divergentes, mais présentant souvent des traits communs. Cette histoire sera abordée à travers un ensemble de thématiques essentielles pour comprendre l’articulation entre les dynamiques sociales, politiques, économiques et culturelles de sociétés extrêmement diverses. Chaque thème, objet d’un chapitre, couvrira l’ensemble de la période qui s’étend du début du XXe siècle à aujourd’hui. |
| 700 10 - ADDED ENTRY--PERSONAL NAME | |
| Personal name | Daucé, Françoise |
| Relator term | author |
| 700 10 - ADDED ENTRY--PERSONAL NAME | |
| Personal name | Elie, Marc |
| Relator term | author |
| 700 10 - ADDED ENTRY--PERSONAL NAME | |
| Personal name | Ohayon, Isabelle |
| Relator term | author |
| 856 41 - ELECTRONIC LOCATION AND ACCESS | |
| Uniform Resource Identifier | <a href="https://shs.cairn.info/l-age-sovietique--9782200626426?lang=fr&redirect-ssocas=7080">https://shs.cairn.info/l-age-sovietique--9782200626426?lang=fr&redirect-ssocas=7080</a> |
Pas d'exemplaire disponible.




Réseaux sociaux